| 000 | 00840cab a2200241 4500 | ||
|---|---|---|---|
| 001 | WB3029-39 | ||
| 008 | 090401t1994 xxu||||| |||| 00| 0 eng d | ||
| 035 | _a(Sirsi) u16747 | ||
| 041 | _aeng | ||
| 245 | _aBankside powers £80m art gallery | ||
| 260 | _c1994 | ||
| 350 | _a0 | ||
| 490 |
_aConstruction News _v(6375) 28 July 1994, 8(1) |
||
| 520 | _aEnglish Heritage is donating £150,000 towards essential repair work to the former Bankside Power Station which the Tate is planning to turn into an art gallery. Essential repair work is due to begin in September. A competition has been launched to find a designer. | ||
| 650 | _aART GALLERIES | ||
| 650 | _aBANKSIDE POWER STATION | ||
| 650 | _aENGLISH HERITAGE | ||
| 650 | _aTATE | ||
| 690 | _aCONSERVATION | ||
| 690 | _aURBAN RENEWAL | ||
| 942 | _n0 | ||
| 948 | _c04/03/1997 | ||
| 999 |
_c11070 _d11070 |
||